[Event "Stay Safe Play From Home 272"]
[Site "Emanuel Lasker Arena"]
[Date "2020.07.02"]
[Round "6"]
[White "Metehun"]
[Black "BrainThinker22"]
[Result "1/2-1/2"]
[WhiteElo "2440"]
[BlackElo "2281"]
[Annotator "NA"]
[PlyCount "132"]
[EventDate "2020.07.02"]
[EventType "swiss (blitz)"]

1. d4 {[%emt 0:00:02]} d5 {[%emt 0:00:01]} 2. Nf3 {[%emt 0:00:01]} e6 {[%emt 0:00:00]} 3. c4 {[%emt 0:00:00]} c5 {[%emt 0:00:00]} 4. g3 {[%emt 0:00:01]} Nc6 {[%emt 0:00:01]} 5. Bg2 {[%emt 0:00:01]} Nf6 {[%emt 0:00:00]} 6. O-O {[%emt 0:00:01]} Be7 {[%emt 0:00:01]} 7. cxd5 {[%emt 0:00:02]} exd5 {[%emt 0:00:00]} 8. Nc3 {[%emt 0:00:01]} h6 {[%emt 0:00:00]} 9. dxc5 {[%emt 0:00:02]} Bxc5 {[%emt 0:00:00]} 10. Na4 {[%emt 0:00:01]} Be7 {[%emt 0:00:00]} 11. Be3 {[%emt 0:00:01]} O-O {[%emt 0:00:01]} 12. h3 {[%emt 0:00:00]} Re8 {[%emt 0:00:01]} 13. Rc1 {[%emt 0:00:01]} Bf5 {[%emt 0:00:01]} 14. Nd4 {[%emt 0:00:02]} Nxd4 {[%emt 0:00:04]} 15. Bxd4 {[%emt 0:00:01]} Qd7 {[%emt 0:00:02]} 16. Kh2 {[%emt 0:00:01]} Ne4 {[%emt 0:00:02]} 17. Nc5 {[%emt 0:00:04]} Nxc5 {[%emt 0:00:01]} 18. Bxc5 {[%emt 0:00:00]} Bxc5 {[%emt 0:00:00]} 19. Rxc5 {[%emt 0:00:00]} d4 {[%emt 0:00:00]} 20. Rd5 {[%emt 0:00:02]} Qe6 {[%emt 0:00:02]} 21. Rxd4 {[%emt 0:00:03]} Qxe2 {[%emt 0:00:01]} 22. Rd2 {[%emt 0:00:01]} Qe6 {[%emt 0:00:02]} 23. Bxb7 {[%emt 0:00:03]} Rab8 {[%emt 0:00:01]} 24. Bg2 {[%emt 0:00:00]} Qxa2 {[%emt 0:00:01]} 25. Qa1 {[%emt 0:00:03]} Qxa1 {[%emt 0:00:04]} 26. Rxa1 {[%emt 0:00:01]} Re7 {[%emt 0:00:00]} 27. Ra5 {[%emt 0:00:01]} Bg6 {[%emt 0:00:01]} 28. h4 {[%emt 0:00:01]} h5 {[%emt 0:00:01]} 29. Bf3 {[%emt 0:00:01]} Re6 {[%emt 0:00:04]} 30. Rxa7 {[%emt 0:00:03]} Reb6 {[%emt 0:00:01]} 31. Ra8 {[%emt 0:00:03]} Kh7 {[%emt 0:00:04]} 32. Rxb8 {[%emt 0:00:01]} Rxb8 {[%emt 0:00:00]} 33. Kg2 {[%emt 0:00:01]} Rb3 {[%emt 0:00:00]} 34. Bd1 {[%emt 0:00:01]} Rb4 {[%emt 0:00:01]} 35. f3 {[%emt 0:00:01]} Kh6 {[%emt 0:00:00]} 36. Kf2 {[%emt 0:00:00]} f6 {[%emt 0:00:01]} 37. b3 {[%emt 0:00:01]} Bf7 {[%emt 0:00:01]} 38. Rd3 {[%emt 0:00:00]} Rb5 {[%emt 0:00:01]} 39. Rc3 {[%emt 0:00:01]} Ra5 {[%emt 0:00:01]} 40. Bc2 {[%emt 0:00:02]} Ra2 {[%emt 0:00:01]} 41. Ke3 {[%emt 0:00:00]} Ra1 {[%emt 0:00:00]} 42. g4 {[%emt 0:00:01]} hxg4 {[%emt 0:00:01]} 43. fxg4 {[%emt 0:00:00]} Re1+ {[%emt 0:00:00]} 44. Kf2 {[%emt 0:00:01]} Re5 {[%emt 0:00:00]} 45. b4 {[%emt 0:00:01]} Rb5 {[%emt 0:00:01]} 46. Rg3 {[%emt 0:00:01]} Rxb4 {[%emt 0:00:01]} 47. g5+ {[%emt 0:00:00]} fxg5 {[%emt 0:00:04]} 48. hxg5+ {[%emt 0:00:01]} Kh5 {[%emt 0:00:00]} 49. Bd1+ {[%emt 0:00:00]} Kg6 {[%emt 0:00:01]} 50. Bc2+ {[%emt 0:00:01]} Kh5 {[%emt 0:00:01]} 51. Bd1+ {[%emt 0:00:00]} Rg4 {[%emt 0:00:01]} 52. Bxg4+ {[%emt 0:00:01]} Kxg5 {[%emt 0:00:01]} 53. Bf3+ {[%emt 0:00:00]} Kf6 {[%emt 0:00:00]} 54. Bg2 {[%emt 0:00:00]} g5 {[%emt 0:00:00]} 55. Rf3+ {[%emt 0:00:00]} Kg7 {[%emt 0:00:00]} 56. Kg3 {[%emt 0:00:00]} Bg6 {[%emt 0:00:00]} 57. Rf2 {[%emt 0:00:00]} Kh6 {[%emt 0:00:00]} 58. Rd2 {[%emt 0:00:00]} Bh5 {[%emt 0:00:00]} 59. Rd5 {[%emt 0:00:00]} Bg6 {[%emt 0:00:00]} 60. Rd6 {[%emt 0:00:00]} Kg7 {[%emt 0:00:00]} 61. Bf3 {[%emt 0:00:00]} Bf7 {[%emt 0:00:01]} 62. Bg4 {[%emt 0:00:00]} Bg6 {[%emt 0:00:00]} 63. Rd7+ {[%emt 0:00:00]} Kh6 {[%emt 0:00:00]} 64. Rd6 {[%emt 0:00:00]} Kg7 {[%emt 0:00:00]} 65. Be6 {[%emt 0:00:01]} Bf7 {[%emt 0:00:00]} 66. Bg4 {[%emt 0:00:00]} Bg6 {[%emt 0:00:01] (Lag: Av=0.61s, max=1.3s)} 1/2-1/2

[Event "Stay Safe Play From Home 272"]
[Site "Emanuel Lasker Arena"]
[Date "2020.07.02"]
[Round "6"]
[White "Uber_WING"]
[Black "Broken sword"]
[Result "0-1"]
[WhiteElo "2425"]
[BlackElo "2417"]
[PlyCount "148"]
[EventDate "2020.07.02"]
[EventType "swiss (blitz)"]

1. e4 {[%emt 0:00:00]} c5 {[%emt 0:00:01]} 2. d4 {[%emt 0:00:00]} e6 {[%emt 0:00:00]} 3. c3 {[%emt 0:00:00]} cxd4 {[%emt 0:00:01]} 4. Nf3 {[%emt 0:00:00]} d5 {[%emt 0:00:00]} 5. exd5 {[%emt 0:00:01]} exd5 {[%emt 0:00:00]} 6. cxd4 {[%emt 0:00:01]} Nf6 {[%emt 0:00:00]} 7. Nc3 {[%emt 0:00:00]} Be7 {[%emt 0:00:00]} 8. h3 {[%emt 0:00:01]} O-O {[%emt 0:00:00]} 9. Bd3 {[%emt 0:00:01]} Nc6 {[%emt 0:00:00]} 10. O-O {[%emt 0:00:00]} Re8 {[%emt 0:00:01]} 11. Re1 {[%emt 0:00:00]} Be6 {[%emt 0:00:01]} 12. Bg5 {[%emt 0:00:01]} h6 {[%emt 0:00:01]} 13. Bh4 {[%emt 0:00:01]} Rc8 {[%emt 0:00:01]} 14. Qd2 {[%emt 0:00:01]} Nb4 {[%emt 0:00:01]} 15. a3 {[%emt 0:00:01]} Nxd3 {[%emt 0:00:01]} 16. Qxd3 {[%emt 0:00:00]} Qd7 {[%emt 0:00:01]} 17. Ne5 {[%emt 0:00:01]} Qd6 {[%emt 0:00:00]} 18. Qg3 {[%emt 0:00:01]} Nh5 {[%emt 0:00:04]} 19. Qf3 {[%emt 0:00:09]} Bxh4 {[%emt 0:00:01]} 20. Qxh5 {[%emt 0:00:01]} Bf6 {[%emt 0:00:00]} 21. f4 {[%emt 0:00:03]} a6 {[%emt 0:00:01]} 22. Rac1 {[%emt 0:00:01]} Bd7 {[%emt 0:00:01]} 23. Nxd7 {[%emt 0:00:03]} Qxd7 {[%emt 0:00:01]} 24. Qxd5 {[%emt 0:00:01]} Bxd4+ {[%emt 0:00:03]} 25. Kh1 {[%emt 0:00:01]} Qxd5 {[%emt 0:00:01]} 26. Nxd5 {[%emt 0:00:00]} Rxc1 {[%emt 0:00:01]} 27. Rxc1 {[%emt 0:00:01]} Bxb2 {[%emt 0:00:01]} 28. Rb1 {[%emt 0:00:00]} Bxa3 {[%emt 0:00:01]} 29. Rxb7 {[%emt 0:00:00]} a5 {[%emt 0:00:00]} 30. Ra7 {[%emt 0:00:01]} Bb4 {[%emt 0:00:02]} 31. Nxb4 {[%emt 0:00:01]} axb4 {[%emt 0:00:00]} 32. Rb7 {[%emt 0:00:00]} Re4 {[%emt 0:00:01]} 33. g3 {[%emt 0:00:00]} Re3 {[%emt 0:00:01]} 34. Kg2 {[%emt 0:00:01]} b3 {[%emt 0:00:01]} 35. Kf2 {[%emt 0:00:01]} Rc3 {[%emt 0:00:00]} 36. h4 {[%emt 0:00:02]} Rc2+ {[%emt 0:00:01]} 37. Kf3 {[%emt 0:00:00]} b2 {[%emt 0:00:00]} 38. Kg4 {[%emt 0:00:01]} Kh7 {[%emt 0:00:02]} 39. h5 {[%emt 0:00:01]} Kg8 {[%emt 0:00:01]} 40. f5 {[%emt 0:00:01]} Kf8 {[%emt 0:00:01]} 41. Kh3 {[%emt 0:00:02]} Ke8 {[%emt 0:00:00]} 42. Kg4 {[%emt 0:00:01]} Kd8 {[%emt 0:00:00]} 43. Kf4 {[%emt 0:00:03]} Kc8 {[%emt 0:00:00]} 44. Rb3 {[%emt 0:00:01]} Kc7 {[%emt 0:00:00]} 45. Ke3 {[%emt 0:00:01]} Kc6 {[%emt 0:00:01]} 46. Kd3 {[%emt 0:00:01]} Rg2 {[%emt 0:00:01]} 47. Rb8 {[%emt 0:00:02]} Kc7 {[%emt 0:00:01]} 48. Rb4 {[%emt 0:00:01]} Kd6 {[%emt 0:00:00]} 49. g4 {[%emt 0:00:01]} Ke5 {[%emt 0:00:01]} 50. Kc3 {[%emt 0:00:01]} Kf6 {[%emt 0:00:01]} 51. Kd3 {[%emt 0:00:01]} Kg5 {[%emt 0:00:01]} 52. Rb7 {[%emt 0:00:01]} Kxg4 {[%emt 0:00:02]} 53. Ke4 {[%emt 0:00:00]} Kxh5 {[%emt 0:00:01]} 54. Ke5 {[%emt 0:00:00]} f6+ {[%emt 0:00:01]} 55. Kf4 {[%emt 0:00:00]} Kh4 {[%emt 0:00:01]} 56. Ke4 {[%emt 0:00:00]} Kh3 {[%emt 0:00:00]} 57. Kd5 {[%emt 0:00:00]} Rg4 {[%emt 0:00:00]} 58. Ke6 {[%emt 0:00:00]} Rg2 {[%emt 0:00:00]} 59. Kf7 {[%emt 0:00:01]} Kh2 {[%emt 0:00:00]} 60. Ke6 {[%emt 0:00:00]} Kg1 {[%emt 0:00:00]} 61. Kf7 {[%emt 0:00:00]} h5 {[%emt 0:00:00]} 62. Rb3 {[%emt 0:00:00]} h4 {[%emt 0:00:01]} 63. Rb6 {[%emt 0:00:00]} h3 {[%emt 0:00:00]} 64. Ke6 {[%emt 0:00:00]} h2 {[%emt 0:00:00]} 65. Kf7 {[%emt 0:00:00]} h1=Q {[%emt 0:00:00]} 66. Rb3 {[%emt 0:00:00]} Qh2 {[%emt 0:00:00]} 67. Rxb2 {[%emt 0:00:00]} Qh6 {[%emt 0:00:00]} 68. Rb1+ {[%emt 0:00:00]} Kh2 {[%emt 0:00:01]} 69. Rb3 {[%emt 0:00:00]} Qh5+ {[%emt 0:00:00]} 70. Kf8 {[%emt 0:00:00]} g6 {[%emt 0:00:01]} 71. Rb7 {[%emt 0:00:00]} Qh6+ {[%emt 0:00:00]} 72. Ke7 {[%emt 0:00:00]} g5 {[%emt 0:00:00]} 73. Kd6 {[%emt 0:00:00]} g4 {[%emt 0:00:00]} 74. Ke6 {[%emt 0:00:00]} Qe3+ {[%emt 0:00:00] Time (Lag: Av=0.30s, max=1.0s)} 0-1

[Event "Stay Safe Play From Home 272"]
[Site "Emanuel Lasker Arena"]
[Date "2020.07.02"]
[Round "6"]
[White "Jhhonnyy"]
[Black "Chase the sun"]
[Result "1-0"]
[WhiteElo "2316"]
[BlackElo "1889"]
[PlyCount "55"]
[EventDate "2020.07.02"]
[EventType "swiss (blitz)"]

1. d4 {[%emt 0:00:00]} e6 {[%emt 0:00:01]} 2. c4 {[%emt 0:00:01]} f5 {[%emt 0:00:01]} 3. g3 {[%emt 0:00:01]} Nf6 {[%emt 0:00:00]} 4. Bg2 {[%emt 0:00:00]} Bb4+ {[%emt 0:00:00]} 5. Bd2 {[%emt 0:00:01]} Be7 {[%emt 0:00:01]} 6. Nh3 {[%emt 0:00:01]} O-O {[%emt 0:00:00]} 7. O-O {[%emt 0:00:00]} d6 {[%emt 0:00:00]} 8. Nf4 {[%emt 0:00:01]} Qe8 {[%emt 0:00:00]} 9. Nc3 {[%emt 0:00:01]} Nc6 {[%emt 0:00:01]} 10. d5 {[%emt 0:00:01]} Ne5 {[%emt 0:00:02]} 11. b3 {[%emt 0:00:05]} g5 {[%emt 0:00:02]} 12. Nxe6 {[%emt 0:00:01]} Bxe6 {[%emt 0:00:01]} 13. dxe6 {[%emt 0:00:00]} Qh5 {[%emt 0:00:01]} 14. e4 {[%emt 0:00:03]} Nfg4 {[%emt 0:00:04]} 15. h3 {[%emt 0:00:01]} f4 {[%emt 0:00:02]} 16. Nd5 {[%emt 0:00:12]} f3 {[%emt 0:00:03]} 17. Nxe7+ {[%emt 0:00:01]} Kh8 {[%emt 0:00:01]} 18. Nf5 {[%emt 0:00:03]} fxg2 {[%emt 0:00:09]} 19. Kxg2 {[%emt 0:00:00]} Rae8 {[%emt 0:00:08]} 20. hxg4 {[%emt 0:00:01]} Nxg4 {[%emt 0:00:00]} 21. Rh1 {[%emt 0:00:01]} Qg6 {[%emt 0:00:01]} 22. Bc3+ {[%emt 0:00:01]} Kg8 {[%emt 0:00:02]} 23. Qxg4 {[%emt 0:00:02]} Rxe6 {[%emt 0:00:02]} 24. Nh6+ {[%emt 0:00:01]} Qxh6 {[%emt 0:00:06]} 25. Rxh6 {[%emt 0:00:00]} Rxh6 {[%emt 0:00:00]} 26. Rh1 {[%emt 0:00:02]} Rg6 {[%emt 0:00:00]} 27. Rh5 {[%emt 0:00:01]} Rxf2+ {[%emt 0:00:02]} 28. Kxf2 {[%emt 0:00:01] Chase the sun gibt auf (Lag: Av=0.38s, max=0.5s)} 1-0

[Event "Stay Safe Play From Home 272"]
[Site "Emanuel Lasker Arena"]
[Date "2020.07.02"]
[Round "6"]
[White "SoulofWolf"]
[Black "Mepe_Nika"]
[Result "1-0"]
[WhiteElo "2211"]
[BlackElo "2399"]
[PlyCount "177"]
[EventDate "2020.07.02"]
[EventType "swiss (blitz)"]

1. d3 {[%emt 0:00:00]} d5 {[%emt 0:00:01]} 2. Nf3 {[%emt 0:00:01]} g6 {[%emt 0:00:00]} 3. Nbd2 {[%emt 0:00:00]} Bg7 {[%emt 0:00:00]} 4. g3 {[%emt 0:00:00]} e5 {[%emt 0:00:00]} 5. Bg2 {[%emt 0:00:00]} Ne7 {[%emt 0:00:01]} 6. O-O {[%emt 0:00:00]} h5 {[%emt 0:00:00]} 7. e4 {[%emt 0:00:00]} O-O {[%emt 0:00:01]} 8. h4 {[%emt 0:00:02]} c6 {[%emt 0:00:01]} 9. a4 {[%emt 0:00:01]} Bg4 {[%emt 0:00:00]} 10. Qe1 {[%emt 0:00:01]} Nd7 {[%emt 0:00:01]} 11. b3 {[%emt 0:00:00]} Nc5 {[%emt 0:00:01]} 12. Ba3 {[%emt 0:00:00]} b6 {[%emt 0:00:01]} 13. Nh2 {[%emt 0:00:03]} Be6 {[%emt 0:00:01]} 14. Qe3 {[%emt 0:00:01]} d4 {[%emt 0:00:01]} 15. Qe2 {[%emt 0:00:01]} Nd7 {[%emt 0:00:01]} 16. f4 {[%emt 0:00:01]} c5 {[%emt 0:00:01]} 17. Ndf3 {[%emt 0:00:03]} f6 {[%emt 0:00:01]} 18. Qd2 {[%emt 0:00:02]} Qc7 {[%emt 0:00:01]} 19. Rfc1 {[%emt 0:00:01]} Rf7 {[%emt 0:00:02]} 20. c3 {[%emt 0:00:00]} Qd6 {[%emt 0:00:01]} 21. cxd4 {[%emt 0:00:02]} exd4 {[%emt 0:00:00]} 22. Re1 {[%emt 0:00:02]} Raf8 {[%emt 0:00:01]} 23. e5 {[%emt 0:00:01]} fxe5 {[%emt 0:00:01]} 24. fxe5 {[%emt 0:00:00]} Qc7 {[%emt 0:00:01]} 25. Rac1 {[%emt 0:00:03]} Nd5 {[%emt 0:00:01]} 26. b4 {[%emt 0:00:02]} Nc3 {[%emt 0:00:01]} 27. bxc5 {[%emt 0:00:02]} bxc5 {[%emt 0:00:01]} 28. Bb2 {[%emt 0:00:03]} Nxa4 {[%emt 0:00:04]} 29. Bxd4 {[%emt 0:00:01]} Qd8 {[%emt 0:00:03]} 30. Ba1 {[%emt 0:00:00]} Nab6 {[%emt 0:00:01]} 31. Qe3 {[%emt 0:00:02]} Nd5 {[%emt 0:00:01]} 32. Qe2 {[%emt 0:00:01]} Qa5 {[%emt 0:00:02]} 33. Kh1 {[%emt 0:00:01]} N7b6 {[%emt 0:00:01]} 34. Nf1 {[%emt 0:00:01]} Nb4 {[%emt 0:00:01]} 35. Ne3 {[%emt 0:00:01]} Qa6 {[%emt 0:00:01]} 36. Rf1 {[%emt 0:00:02]} Qxd3 {[%emt 0:00:01]} 37. Qxd3 {[%emt 0:00:01]} Nxd3 {[%emt 0:00:00]} 38. Rcd1 {[%emt 0:00:00]} c4 {[%emt 0:00:01]} 39. Nd4 {[%emt 0:00:01]} Bd5 {[%emt 0:00:01]} 40. Nxd5 {[%emt 0:00:01]} Nxd5 {[%emt 0:00:00]} 41. Rxf7 {[%emt 0:00:01]} Rxf7 {[%emt 0:00:00]} 42. Bxd5 {[%emt 0:00:01]} Nxe5 {[%emt 0:00:01]} 43. Bxf7+ {[%emt 0:00:01]} Kxf7 {[%emt 0:00:00]} 44. Rf1+ {[%emt 0:00:02]} Ke7 {[%emt 0:00:01]} 45. Nf3 {[%emt 0:00:00]} Nxf3 {[%emt 0:00:02]} 46. Bxg7 {[%emt 0:00:00]} Nd2 {[%emt 0:00:02]} 47. Rd1 {[%emt 0:00:01]} Nf3 {[%emt 0:00:02]} 48. Rc1 {[%emt 0:00:01]} Kf7 {[%emt 0:00:01]} 49. Bh8 {[%emt 0:00:02]} Nd2 {[%emt 0:00:01]} 50. Ba1 {[%emt 0:00:00]} Nb3 {[%emt 0:00:01]} 51. Rb1 {[%emt 0:00:01]} Nd2 {[%emt 0:00:01]} 52. Rc1 {[%emt 0:00:01]} Ne4 {[%emt 0:00:00]} 53. Rg1 {[%emt 0:00:00]} Nf2+ {[%emt 0:00:01]} 54. Kh2 {[%emt 0:00:00]} Ng4+ {[%emt 0:00:00]} 55. Kh3 {[%emt 0:00:00]} Ke6 {[%emt 0:00:00]} 56. Kg2 {[%emt 0:00:00]} Kd5 {[%emt 0:00:00]} 57. Re1 {[%emt 0:00:00]} c3 {[%emt 0:00:01]} 58. Rd1+ {[%emt 0:00:00]} Kc4 {[%emt 0:00:00]} 59. Rc1 {[%emt 0:00:01]} Kb3 {[%emt 0:00:00]} 60. Rxc3+ {[%emt 0:00:01]} Ka2 {[%emt 0:00:00]} 61. Rc1 {[%emt 0:00:01]} Ne3+ {[%emt 0:00:01]} 62. Kf3 {[%emt 0:00:01]} Nd5 {[%emt 0:00:00]} 63. Rf1 {[%emt 0:00:00]} Ka3 {[%emt 0:00:00]} 64. Kg2 {[%emt 0:00:00]} Nc3 {[%emt 0:00:01]} 65. Rg1 {[%emt 0:00:00]} Ne4 {[%emt 0:00:00]} 66. Kh2 {[%emt 0:00:00]} Nd2 {[%emt 0:00:00]} 67. Bd4 {[%emt 0:00:00]} Nc4 {[%emt 0:00:00]} 68. Be3 {[%emt 0:00:00]} Ka4 {[%emt 0:00:00]} 69. Bc1 {[%emt 0:00:00]} Kb5 {[%emt 0:00:00]} 70. Bd2 {[%emt 0:00:00]} Ne3 {[%emt 0:00:00]} 71. Bxe3 {[%emt 0:00:00]} Kc4 {[%emt 0:00:01]} 72. Bf2 {[%emt 0:00:00]} Kd5 {[%emt 0:00:00]} 73. Rd1+ {[%emt 0:00:00]} Ke4 {[%emt 0:00:00]} 74. Kh3 {[%emt 0:00:00]} Kf3 {[%emt 0:00:00]} 75. g4 {[%emt 0:00:00]} Kxf2 {[%emt 0:00:00]} 76. g5 {[%emt 0:00:00]} Kf3 {[%emt 0:00:00]} 77. Rd4 {[%emt 0:00:00]} Ke3 {[%emt 0:00:01]} 78. Rd3+ {[%emt 0:00:00]} Kxd3 {[%emt 0:00:01]} 79. Kg3 {[%emt 0:00:00]} Kd4 {[%emt 0:00:00]} 80. Kf4 {[%emt 0:00:00]} Kd5 {[%emt 0:00:00]} 81. Kf3 {[%emt 0:00:00]} Kd6 {[%emt 0:00:00]} 82. Kf4 {[%emt 0:00:00]} Ke6 {[%emt 0:00:00]} 83. Kg3 {[%emt 0:00:00]} Kd6 {[%emt 0:00:00]} 84. Kf4 {[%emt 0:00:00]} Ke6 {[%emt 0:00:00]} 85. Kg3 {[%emt 0:00:00]} Ke5 {[%emt 0:00:00]} 86. Kf3 {[%emt 0:00:01]} Kf5 {[%emt 0:00:00]} 87. Kg3 {[%emt 0:00:00]} Ke5 {[%emt 0:00:00]} 88. Kh3 {[%emt 0:00:00]} Kd5 {[%emt 0:00:00]} 89. Kg3 {[%emt 0:00:00] (Lag: Av=0.44s, max=0.8s)} 1-0

[Event "Stay Safe Play From Home 272"]
[Site "Emanuel Lasker Arena"]
[Date "2020.07.02"]
[Round "6"]
[White "Haxhi Baha"]
[Black "Greblah"]
[Result "1-0"]
[WhiteElo "2037"]
[BlackElo "1887"]
[Annotator "NA"]
[PlyCount "85"]
[EventDate "2020.07.02"]
[EventType "swiss (blitz)"]

1. d4 {[%emt 0:00:03]} c6 {[%emt 0:00:00]} 2. e4 {[%emt 0:00:02]} d5 {[%emt 0:00:00]} 3. e5 {[%emt 0:00:00]} Bf5 {[%emt 0:00:02]} 4. f4 {[%emt 0:00:00]} e6 {[%emt 0:00:01]} 5. Bd3 {[%emt 0:00:00]} Bxd3 {[%emt 0:00:01]} 6. Qxd3 {[%emt 0:00:00]} Ne7 {[%emt 0:00:01]} 7. Nf3 {[%emt 0:00:01]} Qa5+ {[%emt 0:00:01]} 8. c3 {[%emt 0:00:01]} Qa6 {[%emt 0:00:01]} 9. Qc2 {[%emt 0:00:03]} c5 {[%emt 0:00:01]} 10. Be3 {[%emt 0:00:01]} cxd4 {[%emt 0:00:01]} 11. Nxd4 {[%emt 0:00:00]} Nec6 {[%emt 0:00:01]} 12. Nd2 {[%emt 0:00:02]} Nxd4 {[%emt 0:00:01]} 13. Bxd4 {[%emt 0:00:00]} Nc6 {[%emt 0:00:00]} 14. Bf2 {[%emt 0:00:00]} Rc8 {[%emt 0:00:02]} 15. Nf3 {[%emt 0:00:00]} Nb4 {[%emt 0:00:01]} 16. Qd2 {[%emt 0:00:02]} Nc6 {[%emt 0:00:01]} 17. Qe2 {[%emt 0:00:02]} Qxe2+ {[%emt 0:00:01]} 18. Kxe2 {[%emt 0:00:00]} Be7 {[%emt 0:00:01]} 19. Rhd1 {[%emt 0:00:01]} O-O {[%emt 0:00:01]} 20. Rac1 {[%emt 0:00:00]} Na5 {[%emt 0:00:01]} 21. b3 {[%emt 0:00:01]} b6 {[%emt 0:00:01]} 22. Nd4 {[%emt 0:00:02]} Nb7 {[%emt 0:00:01]} 23. Nb5 {[%emt 0:00:01]} Ra8 {[%emt 0:00:01]} 24. Nc7 {[%emt 0:00:01]} Rac8 {[%emt 0:00:01]} 25. Nb5 {[%emt 0:00:00]} Ra8 {[%emt 0:00:01]} 26. Nc7 {[%emt 0:00:01]} Rab8 {[%emt 0:00:01]} 27. Na6 {[%emt 0:00:00]} Rbc8 {[%emt 0:00:01]} 28. c4 {[%emt 0:00:00]} Rxc4 {[%emt 0:00:01]} 29. bxc4 {[%emt 0:00:00]} dxc4 {[%emt 0:00:01]} 30. Rd7 {[%emt 0:00:01]} Nc5 {[%emt 0:00:02]} 31. Nxc5 {[%emt 0:00:02]} Bxc5 {[%emt 0:00:02]} 32. Bxc5 {[%emt 0:00:01]} bxc5 {[%emt 0:00:00]} 33. Rxc4 {[%emt 0:00:00]} g6 {[%emt 0:00:01]} 34. Rxc5 {[%emt 0:00:01]} Kg7 {[%emt 0:00:00]} 35. Rcc7 {[%emt 0:00:01]} a5 {[%emt 0:00:01]} 36. Ra7 {[%emt 0:00:01]} g5 {[%emt 0:00:01]} 37. g3 {[%emt 0:00:01]} gxf4 {[%emt 0:00:01]} 38. gxf4 {[%emt 0:00:00]} Kg6 {[%emt 0:00:00]} 39. Kf3 {[%emt 0:00:00]} h5 {[%emt 0:00:01]} 40. Ke4 {[%emt 0:00:01]} Rc8 {[%emt 0:00:02]} 41. Rxf7 {[%emt 0:00:01]} Rc4+ {[%emt 0:00:01]} 42. Kd3 {[%emt 0:00:01]} Ra4 {[%emt 0:00:01]} 43. Rf6# {[%emt 0:00:01] (Lag: Av=0.57s, max=1.0s)} 1-0

[Event "Stay Safe Play From Home 272"]
[Site "Emanuel Lasker Arena"]
[Date "2020.07.02"]
[Round "6"]
[White "Bardellosport"]
[Black "NeatFox"]
[Result "1-0"]
[WhiteElo "1952"]
[BlackElo "1920"]
[PlyCount "133"]
[EventDate "2020.07.02"]
[EventType "swiss (blitz)"]

1. e4 {[%emt 0:00:01]} e5 {[%emt 0:00:01]} 2. d3 {[%emt 0:00:00]} Nc6 {[%emt 0:00:01]} 3. Nd2 {[%emt 0:00:00]} d6 {[%emt 0:00:00]} 4. Ngf3 {[%emt 0:00:00]} Bg4 {[%emt 0:00:01]} 5. Be2 {[%emt 0:00:00]} Nd4 {[%emt 0:00:01]} 6. Nxd4 {[%emt 0:00:02]} exd4 {[%emt 0:00:01]} 7. Bxg4 {[%emt 0:00:01]} Nf6 {[%emt 0:00:00]} 8. Be2 {[%emt 0:00:01]} Be7 {[%emt 0:00:00]} 9. O-O {[%emt 0:00:01]} O-O {[%emt 0:00:00]} 10. f4 {[%emt 0:00:01]} c5 {[%emt 0:00:00]} 11. Qe1 {[%emt 0:00:01]} Qb6 {[%emt 0:00:01]} 12. Qg3 {[%emt 0:00:01]} Kh8 {[%emt 0:00:02]} 13. Nf3 {[%emt 0:00:02]} Rac8 {[%emt 0:00:02]} 14. f5 {[%emt 0:00:01]} Nd7 {[%emt 0:00:01]} 15. Ng5 {[%emt 0:00:03]} Bf6 {[%emt 0:00:04]} 16. h4 {[%emt 0:00:01]} Be5 {[%emt 0:00:01]} 17. Bf4 {[%emt 0:00:02]} f6 {[%emt 0:00:00]} 18. Ne6 {[%emt 0:00:02]} Rg8 {[%emt 0:00:02]} 19. b3 {[%emt 0:00:03]} Nf8 {[%emt 0:00:05]} 20. a4 {[%emt 0:00:02]} Nxe6 {[%emt 0:00:01]} 21. fxe6 {[%emt 0:00:01]} Rce8 {[%emt 0:00:01]} 22. Bh5 {[%emt 0:00:02]} Rxe6 {[%emt 0:00:02]} 23. Bf7 {[%emt 0:00:01]} Ree8 {[%emt 0:00:01]} 24. Bxg8 {[%emt 0:00:01]} Rxg8 {[%emt 0:00:00]} 25. h5 {[%emt 0:00:01]} h6 {[%emt 0:00:01]} 26. Rf3 {[%emt 0:00:02]} Bxf4 {[%emt 0:00:01]} 27. Qxf4 {[%emt 0:00:01]} Qc7 {[%emt 0:00:03]} 28. Raf1 {[%emt 0:00:01]} Qe7 {[%emt 0:00:02]} 29. g4 {[%emt 0:00:01]} Rf8 {[%emt 0:00:01]} 30. Qf5 {[%emt 0:00:01]} Re8 {[%emt 0:00:02]} 31. Qg6 {[%emt 0:00:01]} Kg8 {[%emt 0:00:01]} 32. Rf5 {[%emt 0:00:01]} Kh8 {[%emt 0:00:01]} 33. R1f2 {[%emt 0:00:01]} b6 {[%emt 0:00:03]} 34. g5 {[%emt 0:00:01]} hxg5 {[%emt 0:00:02]} 35. h6 {[%emt 0:00:01]} gxh6 {[%emt 0:00:01]} 36. Qxh6+ {[%emt 0:00:01]} Kg8 {[%emt 0:00:02]} 37. Rxf6 {[%emt 0:00:01]} Qg7 {[%emt 0:00:01]} 38. Rg6 {[%emt 0:00:01]} Re7 {[%emt 0:00:01]} 39. Rxg7+ {[%emt 0:00:01]} Rxg7 {[%emt 0:00:00]} 40. Qxg7+ {[%emt 0:00:02]} Kxg7 {[%emt 0:00:01]} 41. Rf5 {[%emt 0:00:00]} Kg6 {[%emt 0:00:01]} 42. Kg2 {[%emt 0:00:01]} a6 {[%emt 0:00:01]} 43. Kg3 {[%emt 0:00:01]} Kh6 {[%emt 0:00:00]} 44. Kg4 {[%emt 0:00:01]} Kg6 {[%emt 0:00:00]} 45. Rxg5+ {[%emt 0:00:01]} Kf6 {[%emt 0:00:00]} 46. Rd5 {[%emt 0:00:00]} Ke6 {[%emt 0:00:00]} 47. Kf4 {[%emt 0:00:01]} b5 {[%emt 0:00:01]} 48. axb5 {[%emt 0:00:01]} axb5 {[%emt 0:00:00]} 49. Rh5 {[%emt 0:00:01]} b4 {[%emt 0:00:00]} 50. Rh6+ {[%emt 0:00:02]} Kd7 {[%emt 0:00:00]} 51. e5 {[%emt 0:00:01]} Kc6 {[%emt 0:00:00]} 52. exd6 {[%emt 0:00:01]} Kd7 {[%emt 0:00:00]} 53. Ke4 {[%emt 0:00:00]} Kc6 {[%emt 0:00:00]} 54. Ke5 {[%emt 0:00:01]} Kd7 {[%emt 0:00:00]} 55. Kd5 {[%emt 0:00:01]} c4 {[%emt 0:00:00]} 56. Rh7+ {[%emt 0:00:00]} Kc8 {[%emt 0:00:01]} 57. bxc4 {[%emt 0:00:00]} b3 {[%emt 0:00:01]} 58. cxb3 {[%emt 0:00:00]} Kd8 {[%emt 0:00:01]} 59. d7 {[%emt 0:00:00]} Kc7 {[%emt 0:00:01]} 60. Kxd4 {[%emt 0:00:00]} Kd8 {[%emt 0:00:01]} 61. Rh8+ {[%emt 0:00:00]} Kc7 {[%emt 0:00:00]} 62. Rh7 {[%emt 0:00:00]} Kd6 {[%emt 0:00:00]} 63. d8=Q+ {[%emt 0:00:01]} Ke6 {[%emt 0:00:00]} 64. Re7+ {[%emt 0:00:01]} Kf5 {[%emt 0:00:00]} 65. Qf8+ {[%emt 0:00:00]} Kg4 {[%emt 0:00:00]} 66. Rg7+ {[%emt 0:00:00]} Kh5 {[%emt 0:00:00]} 67. Qh8# {[%emt 0:00:01] (Lag: Av=0.43s, max=1.0s)} 1-0